Logics of conversation
Logics of Conversation presents a dynamic semantic framework called Segmented Discourse Representation Theory, or SDRT, where this interaction between discourse coherence and discourse interpretation is explored in a logically precise manner. Combining ideas from dynamic semantics, commonsense reaso...
שמור ב:
| מחבר ראשי: | |
|---|---|
| פורמט: | ספר |
| שפה: | Undetermined |
| יצא לאור: |
Cambridge UK
Cambridge University Press
2003
|
| נושאים: | |
| תגים: |
הוספת תג
אין תגיות, היה/י הראשונ/ה לתייג את הרשומה!
|
| Thư viện lưu trữ: | Trung tâm Học liệu Trường Đại học Cần Thơ |
|---|
| LEADER | 01025nam a2200205Ia 4500 | ||
|---|---|---|---|
| 001 | CTU_167603 | ||
| 008 | 210402s9999 xx 000 0 und d | ||
| 020 | |c 74.50 | ||
| 082 | |a 401.41 | ||
| 082 | |b A825 | ||
| 100 | |a Asher, Nicholas | ||
| 245 | 0 | |a Logics of conversation | |
| 245 | 0 | |c Nicholas Asher, Alex Lascarides | |
| 260 | |a Cambridge UK | ||
| 260 | |b Cambridge University Press | ||
| 260 | |c 2003 | ||
| 520 | |a Logics of Conversation presents a dynamic semantic framework called Segmented Discourse Representation Theory, or SDRT, where this interaction between discourse coherence and discourse interpretation is explored in a logically precise manner. Combining ideas from dynamic semantics, commonsense reasoning and speech act theory, SDRT uses its analysis of rhetorical relations to capture intuitively compelling implicatures. | ||
| 650 | |a Semantics,Ngữ nghĩa học,Discourse analysis,Phân tích luận | ||
| 904 | |i Trọng Hiếu | ||
| 980 | |a Trung tâm Học liệu Trường Đại học Cần Thơ | ||